Películas de ciencia ficción y fantasía en emojis (Parte 2) - Estadísticas

Estadísticas generales
  • Esta prueba ha sido intentada 327 veces
    256 desde el último reinicio
  • La puntuación promedio es 6 de 20
Estadísticas de respuestas
Imagen Respuesta % Correcto
Piratas del Caribe
72%
Matrix
70%
Crepúsculo
68%
Las crónicas de Narnia
61%
Star Trek
61%
Los juegos del hambre
45%
Los cazafantasmas
33%
Ghost
24%
Jumanji
24%
Origen
22%
El laberinto del fauno
16%
Star Wars
16%
La forma del agua
15%
Gattaca
7%
Mad Max: Furia en el camino
7%
Nop
5%
A.I.: Inteligencia Artificial
4%
Blade Runner
3%
El campo de los sueños
3%
Niños del hombre
2%
No se encontraron pruebas coincidentes
Distribución de puntuación
Porcentaje de gente con cada puntuación
Porcentaje por número respondido
Historial de tus puntuaciones
No has intentado esta prueba desde el último reinicio